000 00356nam a2200145Ia 4500
999 _c14061
_d14061
003 OSt
005 20260422153447.0
008 260210s9999 xx 000 0 und d
020 _a9789881296979
100 _aJialin Tong
245 0 _aInterior Landscape
260 _b Design Media Publishing
_a (UK) Limited
_c 2014
260 _c2014
942 _cBDES
_2ddc